| 000 | 00330nam a2200121Ia 4500 | ||
|---|---|---|---|
| 008 | 191201s2013 xx 000 0 und d | ||
| 100 | _aWADHWA, Amandeep singh | ||
| 245 | 0 | _aText Book of Engineering Material and Metallurgy | |
| 260 |
_aN. Delhi _bUniversity Press _c2013 |
||
| 300 | _a465 | ||
| 650 | _aB.Tech(ME) | ||
| 942 |
_2ddc _cBK |
||
| 999 |
_c6025 _d6025 |
||